00413nam a22001217a 450000500170000008200200001724500560003726000410009330000080013494200150014299900190015795201150017620260513112225.0 a341.2325 COM.P7 aCommission on Crime Prevention and Criminal Justice a Newyork : bUnited Nations, c2017. a14. 2ddccUN&WB c758895d758895 00102ddc40718UNaLIBbLIBd2026-04-22l0o341.2325 COM.P7pUWO5580r2026-04-22 16:15:13w2026-04-22yUN&WB